01014nam a2200253 a 4500001001000000003000500010005001700015008004100032010001100073011001100084040000900095100003100104245016900135260004100304500006000345502006900405502007400474650002100548650002700569650004400596650002200640700002800662856007000690000116245CHAP20220329144607.0191011s2019 mx a |sm |||||||spa d a112706 a113678 cCHAP1 aCerón Zuriñan, Gerardo10aCaracterización física y química de los suelos del núcleo agrario bienes comunales de San Gerónimo Zacapexcoh[En línea]cpor Gerardo Cerón Zariñan. aChapingo, Méx. :bEl autor,c2019. aPara ver el contenido del material haga clic en la liga aTesis (Ing. Agr. Esp. en Suelos) -- UACH. Departamento de Suelos aTesis (Ing. Agr. Esp. en Zootecnia) --UACH. Depertamento de Zootecnia14aSuelosxCalidad.14aSuelosxComposición.14aSuelosxConservaciónxMéxico (Edo.)14aSuelosxMuestreo.1 aMonroy Lorenzo, Sergio. aFinding aiduhttp://10.13.5.2/tesis/sist116245.pdfzTeclea aquí